<?xml version="1.0" encoding="UTF-8"?>
<record
    xmlns:xsi="http://www.w3.org/2001/XMLSchema-instance"
    xsi:schemaLocation="http://www.loc.gov/MARC21/slim http://www.loc.gov/standards/marcxml/schema/MARC21slim.xsd"
    xmlns="http://www.loc.gov/MARC21/slim">

  <leader>01748nam a22001817a 4500</leader>
  <datafield tag="999" ind1=" " ind2=" ">
    <subfield code="c">11670</subfield>
    <subfield code="d">11670</subfield>
  </datafield>
  <controlfield tag="008">201020b       1999    ||||| |||| 00| 0 eng d</controlfield>
  <datafield tag="020" ind1=" " ind2=" ">
    <subfield code="a">1870077504</subfield>
  </datafield>
  <datafield tag="082" ind1=" " ind2=" ">
    <subfield code="a">623.82</subfield>
    <subfield code="b">HEN</subfield>
  </datafield>
  <datafield tag="100" ind1=" " ind2=" ">
    <subfield code="a">Hensen, Henk</subfield>
  </datafield>
  <datafield tag="245" ind1=" " ind2=" ">
    <subfield code="a">Ship bridge simulators : a project handbook</subfield>
  </datafield>
  <datafield tag="260" ind1=" " ind2=" ">
    <subfield code="a">England</subfield>
    <subfield code="b">The Nautical Institute</subfield>
    <subfield code="c">1999</subfield>
  </datafield>
  <datafield tag="300" ind1=" " ind2=" ">
    <subfield code="a">xiii,168p.</subfield>
  </datafield>
  <datafield tag="504" ind1=" " ind2=" ">
    <subfield code="a">Part I: Pre-simulation phase: Types and use of simulators --
Proposal phase --
Data collection and implementation --
Validation phase --
Part 2: Validation and simulation: Introduction to Part 2 --
Simulator ship bridge and out-of-window view --
Environmental influences --
Simulator input for ship manoeuvring model and related aspects --
Brief description tug types and tug use --
Simulator input for tug manoeuvring model and related aspects --
Validation of tug manoeuvring model and related aspects --
Procedures --
Data recording --
Data analysis --
Reports --
Simulation and limitations --
References and annexes: Conversion table --
Beaufort scale --
IMO Resolution A.601 (15)--
Checklists: Ship bridge checklist --
Ship's out-of-window view checklist --
Tug bridge checklist --
Tug's out-of-window view checklist --
Environmental influences checklist --
Simulator input for ship manoeuvring model checklist --
Validation of ship manoeuvring model checklist --
Simulator input for tug manoeuvring model checklist --
Validation of tug manoeuvring model checklist --
Procedures checklist --
Data recording checklist --
Analysis methods checklist --
Reports checklist.</subfield>
  </datafield>
  <datafield tag="650" ind1=" " ind2=" ">
    <subfield code="a">Environmental influences</subfield>
  </datafield>
  <datafield tag="650" ind1=" " ind2=" ">
    <subfield code="a">Validation of ship manoeuvring model ande related aspects</subfield>
  </datafield>
  <datafield tag="650" ind1=" " ind2=" ">
    <subfield code="a">Brief description tug types and tug use</subfield>
  </datafield>
  <datafield tag="942" ind1=" " ind2=" ">
    <subfield code="c">BK</subfield>
  </datafield>
  <datafield tag="952" ind1=" " ind2=" ">
    <subfield code="0">0</subfield>
    <subfield code="1">0</subfield>
    <subfield code="2">ddc</subfield>
    <subfield code="4">0</subfield>
    <subfield code="6">623_820000000000000_HEN</subfield>
    <subfield code="7">0</subfield>
    <subfield code="8">NFIC</subfield>
    <subfield code="9">13729</subfield>
    <subfield code="a">MU</subfield>
    <subfield code="b">MU</subfield>
    <subfield code="c">GEN</subfield>
    <subfield code="d">2020-10-20</subfield>
    <subfield code="l">1</subfield>
    <subfield code="o">623.82 HEN</subfield>
    <subfield code="p">LBS11412</subfield>
    <subfield code="r">2026-03-18</subfield>
    <subfield code="s">2026-02-10</subfield>
    <subfield code="y">BK</subfield>
    <subfield code="z">Column - 1</subfield>
  </datafield>
</record>
